000
00303nam a2200109Ia 4500
008
171211s9999 xx 000 0 und d
245
_a
Learn Java for Web Development
245
_c
Vishal Layka
260
_c
2014
650
_x
Web Development
856
_u
http://down.ebook777.com/010/978-1430259831.pdf
999
_c
350097
_d
350097